A-Z: words ending in S - Statistics

General Stats
  • This quiz has been taken 59 times
  • The average score is 14 of 26
Answer Stats
Initial letter Clue Word ending in S % Correct
B Manager Boss
98%
C Plant of the desert Cactus
98%
H Possessive pronoun meaning: belonging to a female Hers
98%
O Water source in the desert Oasis
96%
D Long garment with a skirt worn by women Dress
94%
N Anxious Nervous
92%
A Primitive device for counting numbers Abacus
90%
Y Common interjection or one-word statement, meaning "affirmative" Yes
86%
G Transparent material made from sand, the ashes of plants and calcium oxide Glass
84%
U Pointless or worthless Useless
78%
X Wooden musical instruments Xylophones
63%
F Units of six feet used to define the depth of water Fathoms
57%
L The state of being idle, avoiding doing tasks Laziness
57%
R Morally correct; or a cool slang word for "very good" Righteous
57%
E The distinguishing sentiment, moral nature, or guiding beliefs of a person or group Ethos
51%
Q Peace, silence Quietness
45%
K A word from Greek meaning praise, honour Kudos
33%
J Showing sound judgement and sense Judicious
25%
T Bacterial infection spread by fleas Typhus
25%
I Cited as the longest word in common usage (22 letters), it means things which cannot be understood Incomprehensibilities
14%
S Self-righteous, claiming to be morally superior Sanctimonious
12%
P Astute, shrewd, discerning Perspicacious
10%
M Acts of genius Masterstrokes
8%
Z Expressions which refer to multiple words in a different sense (as in "opened the door and her heart to the homeless boy") Zeugmas
8%
V Appearing believable, looking real Verisimilitudinous
4%
W Confused masses of numerous things; also a verb meaning writhes or wallows Welters
2%
No matching quizzes found
Score Distribution
Percent of People with Each Score
Percentile by Number Answered
Your Score History
You have not taken this quiz